[Event "POR-ch U18"]
[Site "Luso"]
[Date "2017.04.11"]
[Round "5"]
[White "Jorge, Rita Maria Osorio"]
[Black "Fernandes, Tiago Saraiva"]
[Result "1/2-1/2"]
[WhiteElo "1932"]
[BlackElo "1931"]
[PlyCount "72"]
[EventDate "2017.04.08"]
[EventType "swiss"]
[EventRounds "7"]
[EventCountry "POR"]
[SourceTitle "EXT 2018"]
[Source "ChessBase"]
[SourceDate "2017.10.13"]
[SourceVersion "1"]
[SourceVersionDate "2017.10.13"]
[SourceQuality "1"]

1. e4 c5 2. Nf3 Nc6 3. d4 cxd4 4. Nxd4 g6 5. Nc3 Bg7 6. Be3 Nf6 7. Bc4 0-0 8. Bb3 d5 9. exd5 Na5 10. 0-0 Nxb3 11. Nxb3 b6 12. Qd2 Bb7 13. Rad1 Qc7 14. Qe2 Rfd8 15. Nb5 Qd7 16. c4 Ba6 17. N3d4 Nxd5 18. Nf3 Bxb5 19. cxb5 Qg4 20. h3 Qb4 21. Nd4 Nxe3 22. fxe3 Bxd4 23. exd4 Qd6 24. Qe4 Rac8 25. b3 e6 26. Rf2 Qd5 27. Qf4 Rd7 28. Rfd2 Qxb5 29. Qe4 Qd5 30. Qe2 Rcd8 31. Qe3 a5 32. Qc3 Qd6 33. Qc4 Qf4 34. Rf2 Qe3 35. Rd3 Qe4 36. Rfd2 Qe1+ 1/2-1/2

[Event "Gaia Profigaia op 9th"]
[Site "Vila Nova de Gaia"]
[Date "2016.06.26"]
[Round "4"]
[White "Fernandes, Tiago Saraiva"]
[Black "Moreira, Rafael Mota"]
[Result "1-0"]
[WhiteElo "1933"]
[BlackElo "1466"]
[PlyCount "91"]
[EventDate "2016.06.24"]
[EventType "swiss"]
[EventRounds "7"]
[EventCountry "POR"]
[SourceTitle "EXT 2018"]
[Source "ChessBase"]
[SourceDate "2017.10.13"]
[SourceVersion "1"]
[SourceVersionDate "2017.10.13"]
[SourceQuality "1"]

1. e4 e5 2. Bc4 Nc6 3. Nf3 Bc5 4. c3 Nf6 5. d3 0-0 6. Bb3 d6 7. 0-0 Bb6 8. Bg5 Be6 9. Bc2 d5 10. exd5 Bxd5 11. Nbd2 Qd6 12. Re1 Ng4 13. Bh4 Qc5 14. Qe2 Rfe8 15. h3 Nh6 16. d4 Qd6 17. dxe5 Qe6 18. Qd3 g6 19. Bf6 Nf5 20. c4 Nb4 21. Qc3 Bxf3 22. Nxf3 Nxc2 23. Qxc2 Ng3 24. c5 Nh5 25. cxb6 Qxb6 26. Bg5 Ng7 27. Be3 Qa5 28. Qc5 Qa6 29. Qxc7 Rac8 30. Qd6 Qa4 31. b3 Qa5 32. Qd2 Qa6 33. Rac1 Rcd8 34. Qe2 Qa5 35. Red1 Rb8 36. Rd7 Ne6 37. Bh6 Nc5 38. Rd5 b6 39. Nd4 Qa3 40. Qf3 Rb7 41. Nb5 Qb2 42. Rcxc5 bxc5 43. Qf6 Qa1+ 44. Kh2 Qxe5+ 45. Rxe5 Rxe5 46. Qg7# 1-0

[Event "Portugal op"]
[Site "Oeiras"]
[Date "2015.09.04"]
[Round "8"]
[White "Fernandes, Tiago Saraiva"]
[Black "Rego, Pedro Filipe"]
[Result "0-1"]
[WhiteElo "1606"]
[BlackElo "2236"]
[PlyCount "78"]
[EventDate "2015.08.30"]
[EventType "swiss"]
[EventRounds "9"]
[EventCountry "POR"]
[SourceTitle "EXT 2016"]
[Source "ChessBase"]
[SourceDate "2015.10.08"]
[SourceVersion "1"]
[SourceVersionDate "2015.10.08"]
[SourceQuality "1"]

1. e4 g6 2. d4 Bg7 3. Nc3 a6 4. f4 d6 5. Nf3 b5 6. a3 Bb7 7. Bd3 Nd7 8. 0-0 c5 9. Be3 Ngf6 10. dxc5 dxc5 11. e5 Ng4 12. Qe1 0-0 13. Bd2 Qb6 14. Kh1 Nh6 15. Rd1 e6 16. Be4 Nf5 17. Bxb7 Qxb7 18. Ne4 Qc6 19. Ba5 Ra7 20. Nd6 Ne7 21. Ng5 Nd5 22. b3 h6 23. Nge4 f5 24. exf6 N7xf6 25. Qg3 Kh7 26. Nxf6+ Nxf6 27. Rd2 Rd7 28. Rfd1 Nd5 29. Ne4 Rxf4 30. Re1 Rdf7 31. Rdd1 b4 32. axb4 cxb4 33. Qd3 R4f5 34. Bd8 Nf4 35. Qd2 Rd5 36. Qxb4 Qxc2 37. Rd2 Rxd2 38. Qxd2 Qxd2 39. Nxd2 Bc3 0-1

[Event "Portugal op"]
[Site "Oeiras"]
[Date "2015.09.03"]
[Round "7"]
[White "Pires, Emanuel Joao Robart"]
[Black "Fernandes, Tiago Saraiva"]
[Result "0-1"]
[WhiteElo "2133"]
[BlackElo "1606"]
[PlyCount "80"]
[EventDate "2015.08.30"]
[EventType "swiss"]
[EventRounds "9"]
[EventCountry "POR"]
[SourceTitle "EXT 2016"]
[Source "ChessBase"]
[SourceDate "2015.10.08"]
[SourceVersion "1"]
[SourceVersionDate "2015.10.08"]
[SourceQuality "1"]

1. e4 c5 2. d4 cxd4 3. c3 dxc3 4. Nxc3 Nc6 5. Nf3 g6 6. Bc4 Bg7 7. 0-0 d6 8. h3 Nf6 9. Qe2 0-0 10. Rd1 Nd7 11. Bg5 Nde5 12. Nxe5 Nxe5 13. Nd5 Re8 14. Bb3 Be6 15. Rac1 Bxd5 16. Bxd5 Qd7 17. f4 e6 18. Bb3 Nc6 19. Ba4 Qc7 20. Bh4 Rac8 21. Bf2 Ra8 22. b4 a6 23. Rd2 Rec8 24. a3 Nd4 25. Rxc7 Nxe2+ 26. Kf1 Rxc7 27. Kxe2 b5 28. Bd1 Rc6 29. Ra2 Rd8 30. a4 Rc4 31. Kf3 Rxb4 32. axb5 axb5 33. Ra6 Rc4 34. Bh4 Rdc8 35. Be2 Rc3+ 36. Kf2 Bd4+ 37. Ke1 b4 38. Rxd6 Be3 39. Ba6 Bxf4 40. Rb6 R8c6 0-1

[Event "Portugal op"]
[Site "Oeiras"]
[Date "2015.09.02"]
[Round "5"]
[White "Ferreira, Paulo"]
[Black "Fernandes, Tiago Saraiva"]
[Result "1-0"]
[WhiteElo "2040"]
[BlackElo "1606"]
[PlyCount "99"]
[EventDate "2015.08.30"]
[EventType "swiss"]
[EventRounds "9"]
[EventCountry "POR"]
[SourceTitle "EXT 2016"]
[Source "ChessBase"]
[SourceDate "2015.10.08"]
[SourceVersion "1"]
[SourceVersionDate "2015.10.08"]
[SourceQuality "1"]

1. d4 c5 2. d5 Nf6 3. c4 b5 4. cxb5 a6 5. b6 Qxb6 6. g3 d6 7. Bg2 g6 8. Nh3 Bg7 9. Nf4 Bb7 10. Nc3 0-0 11. h4 h5 12. Qc2 Nbd7 13. a4 Ne5 14. a5 Qc7 15. Ra4 Bc8 16. Ne4 Bd7 17. Nxf6+ Bxf6 18. Ra2 Rab8 19. Bd2 Rb7 20. Be4 Rfb8 21. Bc3 Be8 22. f3 Qc8 23. Nh3 Bg7 24. f4 Ng4 25. Bxg7 Kxg7 26. f5 Nf6 27. fxg6 Nxe4 28. Qxe4 fxg6 29. Ng5 Qf5 30. Ne6+ Kg8 31. Qxf5 gxf5 32. 0-0 Bg6 33. Nf4 Kg7 34. Ne6+ Kg8 35. Nf4 Kh7 36. Ra3 Rxb2 37. Re3 R8b7 38. Nxg6 Kxg6 39. Re6+ Kg7 40. Rxf5 c4 41. Rg5+ Kf7 42. Re4 Rc7 43. Rf4+ Ke8 44. Rg8+ Kd7 45. Rff8 Rc5 46. Rd8+ Kc7 47. Rc8+ Kb7 48. Rb8+ Kc7 49. Rxb2 Rxd5 50. Rg5 1-0

[Event "Portugal op"]
[Site "Oeiras"]
[Date "2015.09.01"]
[Round "4"]
[White "Fernandes, Tiago Saraiva"]
[Black "Fernandes, Miguel A Murtinho"]
[Result "1-0"]
[WhiteElo "1606"]
[BlackElo "1832"]
[PlyCount "95"]
[EventDate "2015.08.30"]
[EventType "swiss"]
[EventRounds "9"]
[EventCountry "POR"]
[SourceTitle "EXT 2016"]
[Source "ChessBase"]
[SourceDate "2015.10.08"]
[SourceVersion "1"]
[SourceVersionDate "2015.10.08"]
[SourceQuality "1"]

1. e4 d5 2. exd5 Qxd5 3. Nc3 Qd6 4. d4 Nf6 5. Nf3 g6 6. Nb5 Qb6 7. c4 c6 8. c5 Qd8 9. Nc3 Bg7 10. Bc4 0-0 11. 0-0 Bg4 12. Be3 Nbd7 13. h3 Bxf3 14. Qxf3 e5 15. d5 cxd5 16. Nxd5 e4 17. Nxf6+ Nxf6 18. Qe2 Qe7 19. Rac1 Kh8 20. Rfd1 Nh5 21. Bd5 f5 22. c6 bxc6 23. Bxc6 Rac8 24. Bc5 Qg5 25. Bxf8 Rxf8 26. Kh1 Nf4 27. Qf1 Bxb2 28. Rb1 Bg7 29. Rb7 Nd3 30. Bb5 Ne5 31. Rxa7 f4 32. a4 f3 33. a5 h5 34. a6 e3 35. fxe3 Qxe3 36. Rb7 fxg2+ 37. Qxg2 Rf3 38. Bf1 Rf2 39. a7 Rf8 40. Rxg7 Kxg7 41. a8Q Rxa8 42. Qxa8 Nf3 43. Bg2 Ne1 44. Qb7+ Kh6 45. Qe4 Nxg2 46. Qxg2 Qb6 47. h4 Qf6 48. Qe4 1-0

[Event "POR-ch U16"]
[Site "Luso"]
[Date "2015.07.25"]
[Round "6"]
[White "Raimundo, Ines Santos"]
[Black "Fernandes, Tiago Saraiva"]
[Result "0-1"]
[WhiteElo "1269"]
[BlackElo "1725"]
[PlyCount "88"]
[EventDate "2015.07.22"]
[EventType "swiss"]
[EventRounds "7"]
[EventCountry "POR"]
[SourceTitle "EXT 2018"]
[Source "ChessBase"]
[SourceDate "2017.10.13"]
[SourceVersion "1"]
[SourceVersionDate "2017.10.13"]
[SourceQuality "1"]

1. d4 c5 2. Nf3 cxd4 3. Nxd4 d5 4. Bf4 Nf6 5. e3 g6 6. Nb5 Na6 7. Bd3 Bg7 8. c3 0-0 9. 0-0 Bd7 10. Nd2 Qb6 11. a4 Rfc8 12. Nf3 Nc5 13. Be2 a6 14. a5 Qd8 15. Nbd4 e6 16. Bg5 b6 17. axb6 Qxb6 18. Ra2 Nfe4 19. Bf4 f6 20. Bg3 Nxg3 21. hxg3 Bf8 22. Re1 Kg7 23. Nh2 Bd6 24. Bg4 a5 25. Qe2 f5 26. Bh3 Ne4 27. Nf1 e5 28. Nc2 Bb5 29. Qd1 Bc4 30. Ra1 Qxb2 31. Nd2 Nxc3 32. Qc1 Qxc1 33. Raxc1 Ne2+ 34. Kh1 Nxc1 35. Rxc1 Bd3 36. Kh2 Rxc2 37. Rxc2 Bxc2 38. g4 e4+ 39. g3 Bb4 40. Nf1 fxg4 41. Bxg4 a4 42. Be6 Ra5 43. Kg2 a3 44. Nh2 a2 0-1